000 00849nam a2200229 4500
999 _c81602
_d318879
003 OSt
005 20220821163357.0
008 160413s2014 jo f 000 0 ara c
020 _a9789957068707
040 _aMa-Un
_bara
_cMa-Un
_erda
082 0 4 _a515
_bخ ر ت
_221
100 1 _aالخطيب، روحي إبراهيم
_eمؤلف.
_914156
245 1 2 _aالتفاضل والتكامل.
_nالجزء الأول =
_bCalculus /
_cروحي إبراهيم الخطيب.
246 3 1 _aCalculus
250 _aالطبعة الثانية.
264 1 _aعمان، الأردن :
_bدار المسيرة للنشر والتوزيع،
_c2014
_m1435.
300 _a472 ص. :
_bإيض. ؛
_c24 سم.
504 _aيشتمل على قائمة ببليوجرافية.
650 7 _aالتفاضل والتكامل
_997870
942 _2ddc
_cBOOK
535 2 _a3